| Tag |
First Indicator |
Second Indicator |
Subfields |
| LEADER |
00000cas a2200000 4500 |
| 001 |
in00000097843 |
| 005 |
20150925115131.0 |
| 008 |
771223c19469999gauar1 yb 0 a0eng d |
| 010 |
|
|
|a agr47000137
|
| 022 |
0 |
|
|a 0065-762X
|9 0008-204X
|
| 035 |
|
|
|a (OCoLC)03511229
|
| 035 |
|
|
|9 AAL3038AM
|
| 040 |
|
|
|a COO
|c COO
|d DLC
|d NSD
|d TXA
|d UtOrBLW
|
| 042 |
|
|
|a lc
|a nsdp
|
| 043 |
|
|
|a n-us---
|
| 049 |
|
|
|a TXAE
|
| 050 |
0 |
0 |
|a SB413.C18
|b A5
|
| 210 |
0 |
|
|a Am camellia yearb.
|
| 222 |
|
4 |
|a The American camellia yearbook
|
| 245 |
0 |
4 |
|a The American camellia yearbook.
|
| 264 |
|
1 |
|a Fort Valley, Ga. [etc.] :
|b American Camellia Society.
|
| 300 |
|
|
|a volumes :
|b illustrations ;
|c 24 cm.
|
| 310 |
|
|
|a Annual
|
| 336 |
|
|
|a text
|b txt
|2 rdacontent
|
| 337 |
|
|
|a unmediated
|b n
|2 rdamedia
|
| 338 |
|
|
|a volume
|b nc
|2 rdacarrier
|
| 362 |
0 |
|
|a 1st- 1946-
|
| 504 |
|
|
|a Bibliographical footnotes.
|
| 515 |
|
|
|a Numbering dropped after v. 54 (1999).
|
| 650 |
|
0 |
|a Camellias
|v Periodicals.
|
| 610 |
2 |
0 |
|a American Camellia Society
|v Periodicals.
|
| 710 |
2 |
|
|a American Camellia Society.
|
| 999 |
|
|
|a MARS
|
| 999 |
f |
f |
|s c5d3c138-cecd-3607-a843-23d7c7ebf154
|i e08102f1-89af-3f90-a603-deb574e1ad69
|t 0
|
| 952 |
f |
f |
|p ric
|a Texas A&M University
|b Rellis Campus
|c Joint Library Facility
|d Remote Storage
|t 0
|e SB413.C18 A5
|h Library of Congress classification
|i unmediated -- volume
|k v.33
|l 1978
|m A14817363783
|
| 952 |
f |
f |
|p ric
|a Texas A&M University
|b Rellis Campus
|c Joint Library Facility
|d Remote Storage
|t 0
|e SB413.C18 A5
|h Library of Congress classification
|i unmediated -- volume
|k 2000
|m A14828634155
|
| 952 |
f |
f |
|p ric
|a Texas A&M University
|b Rellis Campus
|c Joint Library Facility
|d Remote Storage
|t 0
|e SB413.C18 A5
|h Library of Congress classification
|i unmediated -- volume
|k v.45
|l 1990
|m A14815963812
|
| 952 |
f |
f |
|p ric
|a Texas A&M University
|b Rellis Campus
|c Joint Library Facility
|d Remote Storage
|t 0
|e SB413.C18 A5
|h Library of Congress classification
|i unmediated -- volume
|k 2005
|m A14833978629
|
| 952 |
f |
f |
|p ric
|a Texas A&M University
|b Rellis Campus
|c Joint Library Facility
|d Remote Storage
|t 0
|e SB413.C18 A5
|h Library of Congress classification
|i unmediated -- volume
|k v.35
|l 1980
|m A14808876606
|
| 952 |
f |
f |
|p ric
|a Texas A&M University
|b Rellis Campus
|c Joint Library Facility
|d Remote Storage
|t 0
|e SB413.C18 A5
|h Library of Congress classification
|i unmediated -- volume
|k v.52
|l 1997
|m A14822459840
|
| 952 |
f |
f |
|p ric
|a Texas A&M University
|b Rellis Campus
|c Joint Library Facility
|d Remote Storage
|t 0
|e SB413.C18 A5
|h Library of Congress classification
|i unmediated -- volume
|k v.46
|l 1991
|m A14815963765
|
| 952 |
f |
f |
|p ric
|a Texas A&M University
|b Rellis Campus
|c Joint Library Facility
|d Remote Storage
|t 0
|e SB413.C18 A5
|h Library of Congress classification
|i unmediated -- volume
|k v.49
|l 1994
|m A14819471095
|
| 952 |
f |
f |
|p ric
|a Texas A&M University
|b Rellis Campus
|c Joint Library Facility
|d Remote Storage
|t 0
|e SB413.C18 A5
|h Library of Congress classification
|i unmediated -- volume
|k v.41
|l 1986
|m A14810001615
|
| 952 |
f |
f |
|p ric
|a Texas A&M University
|b Rellis Campus
|c Joint Library Facility
|d Remote Storage
|t 0
|e SB413.C18 A5
|h Library of Congress classification
|i unmediated -- volume
|k v.38
|l 1983
|m A14807588250
|
| 952 |
f |
f |
|p ric
|a Texas A&M University
|b Rellis Campus
|c Joint Library Facility
|d Remote Storage
|t 0
|e SB413.C18 A5
|h Library of Congress classification
|i unmediated -- volume
|k v.36
|l 1981
|m A14808876614
|
| 952 |
f |
f |
|p ric
|a Texas A&M University
|b Rellis Campus
|c Joint Library Facility
|d Remote Storage
|t 0
|e SB413.C18 A5
|h Library of Congress classification
|i unmediated -- volume
|k v.37
|l 1982
|m A14808876622
|
| 952 |
f |
f |
|p ric
|a Texas A&M University
|b Rellis Campus
|c Joint Library Facility
|d Remote Storage
|t 0
|e SB413.C18 A5
|h Library of Congress classification
|i unmediated -- volume
|k 2006
|m A14851533811
|
| 952 |
f |
f |
|p ric
|a Texas A&M University
|b Rellis Campus
|c Joint Library Facility
|d Remote Storage
|t 0
|e SB413.C18 A5
|h Library of Congress classification
|i unmediated -- volume
|k v.39
|l 1984
|m A14808740229
|
| 952 |
f |
f |
|p ric
|a Texas A&M University
|b Rellis Campus
|c Joint Library Facility
|d Remote Storage
|t 0
|e SB413.C18 A5
|h Library of Congress classification
|i unmediated -- volume
|k 2002
|m A14830318252
|
| 952 |
f |
f |
|p ric
|a Texas A&M University
|b Rellis Campus
|c Joint Library Facility
|d Remote Storage
|t 0
|e SB413.C18 A5
|h Library of Congress classification
|i unmediated -- volume
|k 2007
|m A14837470267
|
| 952 |
f |
f |
|p ric
|a Texas A&M University
|b Rellis Campus
|c Joint Library Facility
|d Remote Storage
|t 0
|e SB413.C18 A5
|h Library of Congress classification
|i unmediated -- volume
|k v.48
|l 1993
|m A14819472059
|
| 952 |
f |
f |
|p ric
|a Texas A&M University
|b Rellis Campus
|c Joint Library Facility
|d Remote Storage
|t 0
|e SB413.C18 A5
|h Library of Congress classification
|i unmediated -- volume
|k 2003
|m A14831869222
|
| 952 |
f |
f |
|p ric
|a Texas A&M University
|b Rellis Campus
|c Joint Library Facility
|d Remote Storage
|t 0
|e SB413.C18 A5
|h Library of Congress classification
|i unmediated -- volume
|k v.47
|l 1992
|m A14817372318
|
| 952 |
f |
f |
|p ric
|a Texas A&M University
|b Rellis Campus
|c Joint Library Facility
|d Remote Storage
|t 0
|e SB413.C18 A5
|h Library of Congress classification
|i unmediated -- volume
|k v.50
|l 1995
|m A14821195508
|
| 952 |
f |
f |
|p ric
|a Texas A&M University
|b Rellis Campus
|c Joint Library Facility
|d Remote Storage
|t 0
|e SB413.C18 A5
|h Library of Congress classification
|i unmediated -- volume
|k v.43
|l 1988
|m A14812289528
|
| 952 |
f |
f |
|p ric
|a Texas A&M University
|b Rellis Campus
|c Joint Library Facility
|d Remote Storage
|t 0
|e SB413.C18 A5
|h Library of Congress classification
|i unmediated -- volume
|k v.42
|l 1987
|m A14811327145
|
| 952 |
f |
f |
|p ric
|a Texas A&M University
|b Rellis Campus
|c Joint Library Facility
|d Remote Storage
|t 0
|e SB413.C18 A5
|h Library of Congress classification
|i unmediated -- volume
|k v.40
|l 1985
|m A14808676137
|
| 952 |
f |
f |
|p ric
|a Texas A&M University
|b Rellis Campus
|c Joint Library Facility
|d Remote Storage
|t 0
|e SB413.C18 A5
|h Library of Congress classification
|i unmediated -- volume
|k v.53
|l 1998
|m A14825163147
|
| 952 |
f |
f |
|p ric
|a Texas A&M University
|b Rellis Campus
|c Joint Library Facility
|d Remote Storage
|t 0
|e SB413.C18 A5
|h Library of Congress classification
|i unmediated -- volume
|k v.54
|l 1999
|m A14827189822
|
| 952 |
f |
f |
|p ric
|a Texas A&M University
|b Rellis Campus
|c Joint Library Facility
|d Remote Storage
|t 0
|e SB413.C18 A5
|h Library of Congress classification
|i unmediated -- volume
|k v.51
|l 1996
|m A14821484185
|
| 952 |
f |
f |
|p ric
|a Texas A&M University
|b Rellis Campus
|c Joint Library Facility
|d Remote Storage
|t 0
|e SB413.C18 A5
|h Library of Congress classification
|i unmediated -- volume
|k v.44
|l 1989
|m A14815963715
|
| 952 |
f |
f |
|p ric
|a Texas A&M University
|b Rellis Campus
|c Joint Library Facility
|d Remote Storage
|t 0
|e SB413.C18 A5
|h Library of Congress classification
|i unmediated -- volume
|k 2004
|m A14831442876
|
| 952 |
f |
f |
|p ric
|a Texas A&M University
|b Rellis Campus
|c Joint Library Facility
|d Remote Storage
|t 0
|e SB413.C18 A5
|h Library of Congress classification
|i unmediated -- volume
|k 2001
|m A14828667409
|
| 952 |
f |
f |
|p ric
|a Texas A&M University
|b Rellis Campus
|c Joint Library Facility
|d Remote Storage
|t 0
|e SB413.C18 A5
|h Library of Congress classification
|i unmediated -- volume
|k v.34
|l 1979
|m A14809671368
|
| 998 |
f |
f |
|a SB413.C18 A5
|s 2000-2007
|t 0
|l Remote Storage
|